000 00455nam a2200157 4500
001 114031
003 ES-MaACL
005 20230906190048.0
007 t|
008 061121s1949 pe r ||||1| spa d
100 1 _aPaino Pichardo, Rafael.
_988332
245 1 0 _aGlosa de siglos
_b: Conferencia /
_cRafael Paino Pichardo.
260 _aCiudad Trujillo (PerĂº) :
_bEditora Montalvo,
_c1949.
300 _a36 p. ;
_c22 cm.
852 _aES-MaACL
_j1922-F-13
999 _c114031
_d114031